00346nam a2200145Ia 4500008004100000020001500041041000800056082001800064100001800082245003300100250000600133260003800139300001400177650000900191210716s2000 xx 000 0 und d a8176563005 aeng a005.137X DOSG aDoss, George. aCorba developer's with XML. a1 aNew DelhibBPB Publicationsc2000 axxvii,290 aNone